| 000 -LEADER |
| fixed length control field |
00701pam a2200217 a 4500 |
| 020 ## - INTERNATIONAL STANDARD BOOK NUMBER |
| ISBN |
0070284695 (hardcover : alk. paper) |
| 020 ## - INTERNATIONAL STANDARD BOOK NUMBER |
| ISBN |
007115728X (ISE) |
| 040 ## - CATALOGING SOURCE |
| Transcribing agency |
DLC |
| 082 00 - DEWEY DECIMAL CLASSIFICATION NUMBER |
| Classification number |
155 MCG 1999 A001 Or. |
| 100 1# - MAIN ENTRY--AUTHOR NAME |
| Personal name |
Hetherington, E. Mavis |
| 245 10 - TITLE STATEMENT |
| Title |
Child psychology : |
| Remainder of title |
a contemporary viewpoint / |
| 250 ## - EDITION STATEMENT |
| Edition statement |
5th ed. |
| 260 ## - PUBLICATION, DISTRIBUTION, ETC. (IMPRINT) |
| Place of publication |
Boston : |
| Name of publisher |
McGraw-Hill College, |
| Year of publication |
c1999. |
| 300 ## - PHYSICAL DESCRIPTION |
| Number of Pages |
1 v. (various pagings) : |
| Other physical details |
col. ill. ; |
| Dimensions |
29 cm. |
| 650 #0 - SUBJECT ADDED ENTRY--TOPICAL TERM |
| Topical Term |
Child psychology. |
| 700 1# - ADDED ENTRY--PERSONAL NAME |
| Personal name |
Parke, Ross D. |
| 700 1# - ADDED ENTRY--PERSONAL NAME |
| Personal name |
Locke, Virginia O. |
| 856 42 - ELECTRONIC LOCATION AND ACCESS |
| Uniform Resource Identifier |
http://www.loc.gov/catdir/description/mh023/98015013.html |
| 856 41 - ELECTRONIC LOCATION AND ACCESS |
| Uniform Resource Identifier |
http://www.loc.gov/catdir/toc/mh022/98015013.html |
| 942 ## - ADDED ENTRY ELEMENTS (KOHA) |
| Koha item type |
សៀវភៅភាសាអង់គ្លេស |
| 952 ## - LOCATION AND ITEM INFORMATION (KOHA) |
| Withdrawn status [LOCAL, KOHA] |
0 |